Statistics for Бліжэйшыя да Беларусі краіны

Click here to take the quiz!

General Stats

  • This quiz has been taken 3 times
  • The average score is 7 of 20

Answer Stats

kmкраіна% Correct
0Літва
100%
0Украіна
100%
0Расія
100%
0Польшча
67%
544Данія
67%
470Фінляндыя
33%
740Славенія
33%
715Харватыя
33%
267Славакія
33%
568Аўстрыя
33%
515Швецыя
33%
801Боснія і
Герцагавіна
33%
365Румынія
0%
357Венгрыя
0%
337Малдова
0%
571Германіі
0%
646Сербія
0%
157Эстоніі
0%
0Латвіі
0%
395Чэхіі
0%

Score Distribution

Percentile by Number Answered

Percent of People with Each Score

Your Score History

You have not taken this quiz